Valeurs normales des paramètres biologiques et influence du chlorure de cadmium chez le lapin mâle (Oryctolagus Cuniculus) élevé en cage au Bénin (Record no. 46727)

MARC details
000 -LEADER
fixed length control field 00838nam a22002417a 4500
003 - CONTROL NUMBER IDENTIFIER
control field 0
005 - DATE AND TIME OF LATEST TRANSACTION
control field 20160609165258.0
008 - FIXED-LENGTH DATA ELEMENTS--GENERAL INFORMATION
fixed length control field 100113t xxu||||| |||| 00| 0 eng d
037 ## - SOURCE OF ACQUISITION
Stock number M15460
Source of stock number/acquisition BIBLIO
040 ## - SOURCE DU CATALOGAGE
Original cataloging agency BUAC
Language of cataloging F
Transcribing agency BEPAC
082 ## - DEWEY DECIMAL CLASSIFICATION NUMBER
Classification number 27.ABM/ADJ
100 ## - VEDETTE PRINCIPALE - NOM DE PERSONNE
Personal name Adjatan Alokpe , Sandra D. O.
Titles and other words associated with a name Johanne N. N. DAKPOGAN
9 (RLIN) 2826
130 ## - VEDETTE PRINCIPALE - TITRE UNIFORME
Language of a work fr
9 (RLIN) 11539
245 ## - TITLE STATEMENT
Title Valeurs normales des paramètres biologiques et influence du chlorure de cadmium chez le lapin mâle (Oryctolagus Cuniculus) élevé en cage au Bénin
260 ## - PUBLICATION, DISTRIBUTION, ETC. (IMPRINT)
Place of publication, distribution, etc EPAC-UAC
Name of publisher, distributor, etc EPAC-UAC
Date of publication, distribution, etc 2007-2008
300 ## - PHYSICAL DESCRIPTION
Extent I-93p
Dimensions 29cm
500 ## - GENERAL NOTE
General note MEM ECOLE POLYTECHNIQUE D'ABOMEY CALAVI (UAC)<br/>2008
650 ## - SUBJECT ADDED ENTRY--TOPICAL TERM
Topical term or geographic name as entry element CHLORURE CADMIUM LAPIN
9 (RLIN) 2827
650 ## - SUBJECT ADDED ENTRY--TOPICAL TERM
Topical term or geographic name as entry element LAPIN
9 (RLIN) 2827
700 ## - ADDED ENTRY--PERSONAL NAME
Personal name Zinsou , Jacques M. H.
9 (RLIN) 2828
700 ## - ADDED ENTRY--PERSONAL NAME
Personal name Dakpogan , Johanne N. N.
9 (RLIN) 2828
942 ## - ADDED ENTRY ELEMENTS (KOHA)
Koha item type Thèse et Memoire
Holdings
Withdrawn status Lost status Damaged status Not for loan Location (home branch) Sublocation or collection (holding branch) Date acquired Source of acquisition Koha issues (times borrowed) Koha full call number Piece designation (barcode) Koha date last seen Copy number Price effective from Koha item type
        Bibliothèque Ecole Polytechnique d'Abomey-Calavi Bibliothèque Ecole Polytechnique d'Abomey-Calavi 24/11/2010 Dépot légal   27./ABM/ADJ M16146EPAC 24/11/2010 1 24/11/2010 Thèse et Memoire
        Bibliothèque Ecole Polytechnique d'Abomey-Calavi Bibliothèque Ecole Polytechnique d'Abomey-Calavi 24/11/2010 Dépot légal   27./ABM/ADJ M16147EPAC 24/11/2010 2 24/11/2010 Thèse et Memoire
        Bibliothèque Ecole Polytechnique d'Abomey-Calavi Bibliothèque Ecole Polytechnique d'Abomey-Calavi 24/11/2010 Dépot légal   27./ABM/ADJ M16148EPAC 24/11/2010 3 24/11/2010 Thèse et Memoire


© 2008, Bibliothèques de l'Université d'Abomey-Calavi

04 BP 789 Cotonou, Tél. : +229 21 36 01 01, Fax : +229 21 35 06 32

Courriel : bu@bu.uac.bj